Statistics for Washington State A-Z

Click here to take the quiz!

General Stats

  • This quiz has been taken 237 times
  • The average score is 19 of 26

Answer Stats

HintAnswer% Correct
BAirplane company that was founded in Seattle in 1916Boeing
94%
AOnline book seller that was founded in Seattle in 1994Amazon.com
93%
POceanic sound on which Seattle is located{Puget} Sound
92%
EState nicknameThe {Evergreen} State
90%
GCo-founder of MicrosoftBill Gates
89%
RTallest mountainRainier
86%
CMountain range that divides the state into western and eastern portionsCascades
85%
NGrunge band originally from AberdeenNirvana
84%
LMartial artist who studied at the University of Washington at the age of 18Bruce Lee
83%
S1993 drama romance starring Tom Hanks and Meg Ryan{Sleepless} in Seattle
81%
DType of construction Grand Coulee and Ice Harbor areDam
80%
MMLB team of SeattleSeattle {Mariners}
80%
HWashington is the number one producer of this beer ingredientHops
76%
TStephenie Meyer book series that is set in Forks, WashingtonTwilight
76%
XVideo gaming brand that was created by Microsoft in 2001 with its
headquarters in Redmond, Washington
Xbox
73%
KGold rush that caused many people to flock to Seattle on their way to CanadaKlondike
72%
ONational park established in 1938Olympic
71%
YMost populous city in central WashingtonYakima
70%
JStrait between Washington and Vancouver Island{Juan} de Fuca
65%
W1962 event for which the Space Needle was builtWorld's Fair
63%
ZWoodland is the name of the most famous of this in SeattleZoo
62%
ICurrent governor of Washington that serves since 2013Jay Inslee
53%
VLead singer of Pearl JamEddie Vedder
47%
UThe first of this in Washington was founded March 28, 1890University
45%
FHoliday that was first celebrated in Spokane on June 19, 1910Father's Day
37%
QNative American tribe in western WashingtonQuinault
16%

Score Distribution

Percentile by Number Answered

Percent of People with Each Score

Your Score History

You have not taken this quiz